Statistics for Books With Locations in the Title

Click here to take the quiz!

General Stats

  • This quiz has been taken 112 times
  • The average score is 9 of 20

Answer Stats

Answer% Correct
Alice's Adventures in {Wonderland} - by Lewis Carroll
100%
Brave New {World} - by Aldous Huxley
93%
{Wuthering} Heights - by Emily Brontë
92%
The Count of {Monte} {Cristo} - by Alexandre Dumas
91%
On The {Road} - by Jack Kerouac
79%
The History of the Decline and Fall of the {Roman} Empire
by Edward Gibbon
79%
A Passage to {India} - by EM Forster
74%
{LA} Confidential - by James Ellroy
74%
A Town Like {Alice} - by Nevil Shute
49%
Bury my Heart at {Wounded} {Knee} - by Dee Brown
38%
U{SA} - by John Dos Passos
31%
Homage to {Catalonia} - by George Orwell
23%
The Rings of {Saturn} - by WG Sebald
20%
{China} Along the Yellow River - by Cao Jinqing
16%
Eichmann in {Jerusalem} - by Hannah Arendt
14%
V{enice} - by Jan Morris
13%
An Image of {Africa} - by Chinua Achebe
12%
The Charterhouse of {Parma} - by Stendhal
11%
The Revenge of {Gaia} - by James Lovelock
5%
Passage to {Juneau} - by Jonathan Raban
3%

Score Distribution

Percentile by Number Answered

Percent of People with Each Score

Your Score History

You have not taken this quiz